00745nam a2200181 a 4500008004100000050002200041100001700063245003700080246008500117260005700202350000900259650001200268650001900280700001600299995009300315999001700408952013800425120416s1978 ||||||||||||||||| || u aHD 7288.78.K4 Mul aMuller, M. S10aLocal authority housing in Kenya areport on a survey carried out by the Ministry of Housing and Social Services... aNairobibHousing Research and Development Unitc1978 a0.00 aHOUSING aHOUSING--KENYA aEygelaar, J D0.00FCBU-MAIN LIBRARY (Kitwe)H1I0.00M1UDAMAGEDZMain Library Open Access Collection c49422d49422 00102lcc4070a001b001cMain Library Open Access Collectiond2022-11-30l0oHD 7288.78.K4 Mulp703736r2022-11-30w2022-11-30y002